000 00844cam a22002413a 4500
001 12686
003 PGUSA
005 20140828083255.0
008 040601s2004||||xxu|||||s|||||000 | eng d
040 _aPGUSA
_beng
042 _adc
050 4 _aPS
100 1 _aJohnson, Owen,
_d1878-1952
245 1 0 _aMurder in Any Degree
_h[electronic resource] /
_cOwen Johnson
260 _bProject Gutenberg,
_c2004
505 0 _aMurder in any degree -- One hundred in the dark -- A comedy for wives -- The lie -- Even threes -- A man of no imagination -- Larry Moore -- My wife's wedding presents -- The surprises of the lottery.
506 _aPublic domain in the USA.
516 _aElectronic text
653 _aShort stories, American
830 0 _aProject Gutenberg
_v12686
856 4 0 _uhttp://www.gutenberg.org/ebooks/12686
942 _cEB
999 _c241941
_d241941